000 00696cam a2200241 4500
999 _c10017
_d10017
001 10017
003 BD-JhCC
005 20180404122041.0
008 180404s1972 enkabc 001 0 eng
020 _a0850520932
035 _a(BD-JhCC)10017
040 _aDLC
_cDLC
_dDLC
_dBD-JhCC
041 _aeng
050 0 0 _aVE57
_b.Y68 1972
082 0 0 _a359.9/6/0942
_bYOU 1972
100 1 _aYoung, David,
_d1942-
245 1 0 _aFour five :
_bthe story of 45 Commando, Royal Marines, 1943-1971 /
260 _aLondon :
_bCooper,
_c1972.
300 _axiv, 463, [16] p.
_billus., maps, ports.
_c23 cm.
610 1 0 _aGreat Britain.
_bRoyal Marines.
_bCommando, 45.
942 _2ddc
_cREF